[Event "3rd GRENKE Chess Open 2018"]
[Site "Karlsruhe"]
[Date "2018.03.29"]
[Round "1"]
[White "Riff, Jean-Noel"]
[Black "Zimmer, Rolf"]
[Result "1-0"]
[WhiteElo "2503"]
[BlackElo "2124"]
[Annotator "TA"]
[PlyCount "78"]
[EventDate "2018.??.??"]
[EventType "swiss"]
[EventCountry "GER"]
[SourceTitle "playchess.com"]
[Source "ChessBase"]
[SourceQuality "1"]

{[%evp 14,78,32,34,23,28,37,36,37,8,70,51,77,53,87,75,85,69,207,209,203,139,160,148,200,175,214,175,216,218,205,204,189,191,187,168,229,220,327,314,304,309,238,188,166,171,195,70,132,0,0,0,0,0,0,0,87,92,102,94,266,248,295,295,799,537,695]} 1. e4 c5 2. Nf3 Nc6 3. Bb5 g6 4. O-O Bg7 5. c3 Nf6 6. Re1 O-O 7. h3 d5 8. e5 Nd7 {[%cal Rd7e5] B31: Sicilian: 2...Nc6 3 Bb5 g6} (8... Ne8 9. d4 cxd4 10. Bxc6 bxc6 11. cxd4 Nc7 12. Nc3 Ne6 13. Be3 f5 14. exf6 exf6 15. Qd2 Qa5 16. Bh6 Bxh6 17. Qxh6 Bd7 18. Re2 Rae8 19. Rae1 Qb4 20. Qd2 {½-½ (59) Suran,J (2421)-Roubalik,J (2400) Czech Republic 2016}) 9. d4 e6 10. a4 Qc7 $146 {White is slightly better.} ({Predecessor:} 10... a5 11. Bg5 Qc7 12. Na3 Na7 13. Be7 Re8 14. Bd6 Qb6 15. dxc5 Qd8 16. Qd2 {½-½ (64) Soderberg,P (2230)-Ottenklev,N (2176) Sweden 2009}) 11. Bg5 Re8 (11... a6 $11 12. Bxc6 Qxc6) 12. Na3 c4 13. Nc2 h6 14. Bf4 Nf8 15. Qd2 Kh7 (15... g5 $14) 16. Ne3 $18 g5 17. Bg3 Ng6 18. Ng4 Qd8 (18... Bd7 $16) 19. a5 Bd7 20. Bxc6 Bxc6 21. h4 $1 gxh4 22. Bf4 $1 Nxf4 23. Qxf4 Qc7 24. Qh2 $1 (24. Nxh4 f5 $14) 24... Qe7 (24... Qd8 $142 25. Qf4 (25. Qxh4 Qxh4 26. Nxh4 Reb8 $11) 25... Qc7) 25. Re3 $1 ({And not} 25. Qxh4 Qxh4 26. Nxh4 b6 $11) 25... Rg8 (25... Rh8 $142 26. Nxh4 Qg5) 26. Nxh4 Qg5 27. Rg3 $1 Qh5 28. Qh3 Raf8 29. Re1 Ba4 30. Ree3 (30. f3 $1 $18) 30... Bd1 (30... Bc2 $1 $14) 31. Nf6+ (31. f3 $1 $16) 31... Bxf6 $1 $11 32. exf6 Bg4 33. Qh2 Bf5 {( -> ...Qd1+)} 34. f3 Rxg3 (34... Rg5 $1 $11 {keeps the balance.}) 35. Qxg3 $16 {[%csl Gf6][%cal Rg3g7]} Rg8 36. Qf4 Bc2 $2 (36... Qg5 $16 37. Qxg5 Rxg5) 37. Re5 $18 Rg5 {[#]} 38. Rxe6 $1 {[%mdl 512]} Bf5 $2 (38... fxe6 39. f7 {[#]} Rg8 $1 {[%mdl 512]} 40. fxg8=N (40. fxg8=B+ Kxg8 41. Qb8+ Kg7 $18) 40... Kxg8 41. Qb8+ Kg7) 39. Re5 Bg4 {Precision: White = 76%, Black = 33%.} 1-0

[Event "3rd GRENKE Chess Open 2018"]
[Site "Karlsruhe"]
[Date "2018.03.29"]
[Round "1"]
[White "Noe, Christopher"]
[Black "Levrand, Roland"]
[Result "1-0"]
[WhiteElo "2494"]
[BlackElo "2123"]
[Annotator "TA"]
[PlyCount "111"]
[EventDate "2018.??.??"]
[EventType "swiss"]
[EventCountry "GER"]
[SourceTitle "playchess.com"]
[Source "ChessBase"]
[SourceQuality "1"]

{[%evp 19,111,45,47,47,75,60,67,8,50,0,0,0,0,-25,0,0,35,0,33,29,25,22,62,22,31,31,45,47,32,49,54,23,32,60,197,192,193,197,376,384,367,362,360,360,333,220,327,276,247,219,466,485,540,476,454,470,450,426,435,428,433,426,409,393,389,359,495,487,486,486,471,471,439,337,336,251,402,393,1639,1427,1396,921,881,1298,2213,2383,1688,1643,29982,29983,29983,29984,29997,29998]} 1. d4 Nf6 2. c4 g6 3. f3 Bg7 4. e4 O-O 5. Nc3 c6 6. Bd3 {E70: King's Indian: Miscellaneous lines with 4 e4, including 5 Nge2 and 5 Bd3 0-0 6 Nge2} d5 7. cxd5 cxd5 8. e5 Nfd7 9. f4 Nc6 10. Nf3 Nb6 {LiveBook: 3 Games} 11. h3 f6 $146 {[#]} ({Predecessor:} 11... Bf5 12. Bxf5 gxf5 13. g4 Qd7 {1-0 (39) Nyback,T (2551)-Jenni,F (2491) playchess.com INT 2005}) 12. O-O $1 Be6 13. exf6 (13. b3 $14) 13... Bxf6 14. Ne2 Nc4 15. b3 Nd6 16. g4 Qb6 {[%cal Rc6d4]} 17. Be3 a5 18. Kg2 a4 19. bxa4 Qa5 20. Qb1 Nc4 21. Bf2 {Threatens to win with Bxg6!} Bf7 22. f5 $36 {[%cal Rf5g6][%mdl 2048] Black is under pressure.} Nd2 23. Nxd2 $1 (23. Qxb7 Nd8 $11) 23... Qxd2 24. fxg6 hxg6 25. Rd1 Qg5 26. Qxb7 Rfc8 {[#]} ({Better is} 26... Na5 $1 $14 27. Qc7 e5) 27. Rac1 $1 $18 {[%cal Rc1c6]} Be8 28. Qb3 Rcb8 $2 (28... Na5 29. Rxc8 Rxc8) 29. Bb5 Na5 30. Qf3 Bg7 31. h4 Qf6 32. Qxf6 Bxf6 (32... exf6 {was worth a try.} 33. Rc7 Bxb5 34. axb5 Rxb5) 33. Bxe8 Rxe8 34. Nf4 g5 $2 (34... Nc4 35. g5 (35. Nxd5 Rxa4 36. Re1 Nd6 $18) 35... Bg7 36. Nxg6 Rxa4) 35. Nxd5 Rab8 36. Rc5 Nb7 37. Rc6 gxh4 38. Rxf6 ({Don't play} 38. Nxf6+ exf6 39. Bxh4 Nd8 $18) 38... exf6 39. Nxf6+ Kf7 40. Nxe8 Rxe8 {[%mdl 4096] Endgame KRB-KRN} 41. Rb1 Nd6 42. Bxh4 Re2+ 43. Kf3 Rxa2 44. Rb4 Ke6 45. Bg3 Ra3+ 46. Kg2 {Rb6 is the strong threat.} Ne4 47. Bc7 Kd7 $2 (47... Nf6 {keeps fighting.} 48. Rb6+ Kf7) 48. Be5 Nc3 $2 (48... Ke8 49. d5 Nc5) 49. g5 Nd5 50. Rb7+ Ke6 51. g6 Rxa4 52. g7 Ra8 53. Bb8 Ra2+ 54. Kh3 {White mates.} Ra3+ 55. Kh4 Ra1 56. g8=Q+ {Precision: White = 70%, Black = 23%.} 1-0

[Event "3rd GRENKE Chess Open 2018"]
[Site "Karlsruhe"]
[Date "2018.03.30"]
[Round "1"]
[White "Martin, Stefan"]
[Black "Bacrot, Etienne"]
[Result "0-1"]
[WhiteElo "2152"]
[BlackElo "2718"]
[Annotator "TA"]
[PlyCount "108"]
[EventDate "2018.??.??"]
[EventType "swiss"]
[EventCountry "GER"]
[SourceTitle "playchess.com"]
[Source "ChessBase"]
[SourceQuality "1"]

{[%evp 18,108,35,16,22,9,39,-11,-12,-31,-18,0,-10,-39,-45,-63,0,0,26,15,60,-62,-59,-61,-47,-122,-108,-109,-116,-132,-105,-93,-56,-53,-47,-54,-53,-57,0,-704,-673,-666,-580,-675,-639,-635,-625,-599,-533,-597,-602,-614,-173,-177,-177,-177,-177,-177,-177,-173,-173,-171,-171,-171,-164,-164,-164,-167,-164,-248,-207,-207,-207,-460,-207,-207,-202,-460,-460,-460,-460,-431,-416,-416,-416,-29952,-29952,-29961,-29961,-29957,-29947,-5679,-5285]} 1. d4 Nf6 2. c4 e6 3. Nf3 b6 4. g3 Bb7 5. Bg2 g6 6. O-O Bg7 7. Nc3 O-O 8. Qc2 {A50: Queen's Fianchetto Defence (1 d4 Nf6 2 c4 b6)} (8. Bf4 d6 9. Qc2 Nbd7 10. Rad1 Qe7 11. e4 e5 12. Bc1 Rfe8 13. Nd5 Nxd5 14. cxd5 Rac8 15. dxe5 dxe5 {½-½ (68) Wang,Y (2690)-Mamedyarov,S (2804) chess.com INT 2018}) 8... d5 9. Ne5 c6 10. Rd1 {LiveBook: 3 Games. White is slightly better.} Nbd7 11. e4 Rc8 12. b4 $146 ({Predecessor:} 12. Bg5 h6 13. Nxd7 Qxd7 14. Bxf6 Bxf6 15. e5 Bg7 {1-0 (44) Laplaza Ara,C (2011)-Gimeno Garcia,D (1948) Aragon 2012}) 12... Nxe5 13. dxe5 {Bg5 is the strong threat.} Nd7 14. f4 {[%cal Re4d5]} dxc4 15. Qe2 b5 16. Be3 a6 (16... a5 $15 17. bxa5 Ra8) 17. Rd6 $11 c5 18. Rad1 Bc6 19. Bxc5 (19. Nd5 $1 $14) 19... Qc7 $15 20. Be3 Rfe8 21. Qd2 {[#]} ({White should try} 21. Rb1 $15) 21... Bf8 $1 $17 22. h4 a5 23. a3 {[%cal Rd6d7]} ({Don't play} 23. Rxd7 Bxd7 24. Qxd7 Qxd7 $15) 23... axb4 24. axb4 {[%cal Rd6d7]} Ra8 {Hoping for ...Ra3.} 25. Rxd7 Bxd7 26. Qxd7 Qxd7 27. Rxd7 Reb8 $1 28. Bc5 $2 {[%mdl 8192]} (28. f5 $11) 28... Bxc5+ $19 29. bxc5 b4 30. Ne2 b3 31. c6 b2 32. Nc3 b1=Q+ 33. Nxb1 Rxb1+ {[%mdl 4096] Endgame KRR-KRB} 34. Bf1 {And now c7 would win.} c3 $2 (34... Rc8 35. Rd2 Rc1) 35. c7 {aiming for Rd8+.} c2 36. Rd8+ Kg7 37. c8=Q Rxc8 38. Rxc8 c1=Q 39. Rxc1 Rxc1 {KR-KB} 40. Kf2 Rc3 41. Be2 h6 42. Bf3 Kf8 43. h5 (43. Be2 $142) 43... g5 44. Bg4 Ke7 45. Bf3 $2 (45. Bd1 {was called for.}) 45... Ra3 (45... gxf4 $142 46. gxf4 Kd7) 46. Be2 Kd8 47. Bg4 $2 (47. fxg5 hxg5 48. h6) 47... gxf4 48. gxf4 Kd7 49. Bf3 Kc6 50. Bg4 Rc3 51. Bd1 {[#]} (51. Kg2 $19 Kc5 52. f5) 51... Kc5 52. Ba4 Kd4 53. Be8 Kxe4 54. Bxf7 Kf5 {Precision: White = 29%, Black = 64%.} 0-1

[Event "3rd GRENKE Chess Open 2018"]
[Site "Karlsruhe"]
[Date "2018.03.29"]
[Round "1"]
[White "Bathray, Johannes"]
[Black "Wang, Hao"]
[Result "1/2-1/2"]
[WhiteElo "2148"]
[BlackElo "2713"]
[Annotator "TA"]
[PlyCount "82"]
[EventDate "2018.??.??"]
[EventType "swiss"]
[EventCountry "GER"]
[SourceTitle "playchess.com"]
[Source "ChessBase"]
[SourceQuality "1"]

{[%evp 15,82,0,0,-8,6,0,16,-5,17,-8,17,11,13,20,24,14,14,31,110,133,126,119,156,118,111,124,128,126,124,145,118,82,91,90,78,73,79,75,72,46,51,41,45,39,50,29,47,9,9,10,42,14,35,36,56,31,38,30,58,8,11,12,29,11,13,19,19,19,91]} 1. d4 Nf6 2. c4 e6 3. Nc3 Bb4 4. Qc2 O-O 5. Nf3 d5 6. e3 c5 7. dxc5 Nc6 8. Be2 Bxc5 9. O-O {D40: Queen's Gambit Declined: Semi-Tarrasch with 5 e3} Qe7 (9... a6 10. a3 Bd6 11. Rd1 dxc4 12. Bxc4 Qc7 13. h3 h6 14. e4 Ne5 15. Be2 b5 16. Be3 Bb7 {0-1 (29) Mamedjarova,T (2269)-Kosintseva,T (2513) Dresden 2008}) 10. Rd1 Rd8 11. Bd2 $146 ({Find the theoretical novelty and annotate with similar games:} 11. a3 dxc4 12. Rxd8+ Qxd8 13. Bxc4 a6 14. b4 Ba7 15. Bd3 Bd7 16. Bb2 Rc8 17. Rd1 Qe7 18. Qb1 b5 19. Ne2 e5 20. Ng5 h6 21. Ne4 {½-½ (21) Eilenberg,J (1485)-Witte,R (2016) Kreuzberg 2016}) 11... a6 12. Rac1 d4 13. exd4 Bxd4 14. Bg5 {[%cal Bd2g5,Bg5h4,Bh4g3][%mdl 32]} h6 15. Bh4 g5 16. Bg3 Ba7 (16... e5 $14) 17. Rxd8+ $16 Qxd8 18. Rd1 Qa5 19. a3 g4 {[#]} 20. Nd2 $1 Nd4 21. Nb3 Nxc2 22. Nxa5 {Black must now prevent Nb3.} Nd4 23. Be5 Nxe2+ 24. Nxe2 Nd7 25. Bf4 Nf8 26. b4 {Threatens to win with c5.} Bb6 27. c5 Bxa5 $1 28. bxa5 Bd7 29. Bxh6 Bc6 30. Be3 f6 31. Nd4 Rd8 {[#] ...e5 is the strong threat.} 32. Rd2 Ba4 33. f3 gxf3 34. Nxf3 Rc8 35. g4 Nd7 36. g5 Bc6 37. Kf2 fxg5 38. Nxg5 Ne5 39. Nxe6 Re8 {The position is equal.} 40. Rd8 Rxd8 41. Nxd8 {And now Bd4 would win.} Bd5 {Precision: White = 36%, Black = 40%.} (41... Ng4+ $1 $11 42. Ke2 Nxh2) 1/2-1/2

[Event "3rd GRENKE Chess Open 2018"]
[Site "Karlsruhe"]
[Date "2018.03.29"]
[Round "1"]
[White "Karsay, Pascal"]
[Black "Kasimdzhanov, Rustam"]
[Result "1-0"]
[WhiteElo "2148"]
[BlackElo "2676"]
[Annotator "TA"]
[PlyCount "53"]
[EventDate "2018.??.??"]
[EventType "swiss"]
[EventCountry "GER"]
[SourceTitle "playchess.com"]
[Source "ChessBase"]
[SourceQuality "1"]

{[%evp 15,53,0,0,-4,0,0,10,-23,-8,-18,0,0,0,0,0,0,0,0,0,0,0,0,0,0,0,0,0,0,0,-4,-4,-6,22,18,17,23,81,111,381,370]} 1. e4 c6 2. d4 d5 3. Nc3 dxe4 4. Nxe4 Nf6 5. Nxf6+ exf6 6. Nf3 Bd6 7. Bc4 O-O 8. O-O Bg4 {LiveBook: 4 Games. B15: Caro-Kann: 3 Nc3: 3...g6 and 3...dxe4 4 Nxe4 Nf6 5 Nxf6+ exf6} (8... Re8 9. c3 Bg4 10. h3 Bh5 11. Be2 Nd7 12. Re1 f5 13. Bd2 Nf6 14. Bg5 h6 15. Bxf6 Qxf6 16. Nd2 {1-0 (80) Almasi,Z (2684)-Kreisl,R (2448) Baku 2016}) 9. Re1 Nd7 10. c3 b5 $146 {The position is equal.} ({Predecessor:} 10... Qc7 11. h3 Bh5 12. Qd3 Rad8 13. Nh4 c5 14. g4 Bg6 15. Nxg6 hxg6 16. Qxg6 {1-0 (34) Miranda,R (2085)-Mahia,G (2377) Buenos Aires 2013}) 11. Bb3 Nb6 12. Qd3 Qd7 13. Bc2 {[%csl Gc2][%cal Rd3h7] [#]} g6 $1 14. Bh6 Rfe8 15. Nd2 Bf5 16. Ne4 Bxe4 17. Rxe4 Rxe4 18. Qxe4 Re8 19. Qf3 f5 20. g3 a5 21. Rd1 Bf8 22. Bc1 h5 23. Bd3 b4 24. c4 Bg7 25. Be3 Bxd4 (25... Qc8 $11) 26. Bxf5 $1 $16 Rxe3 $4 {[%mdl 8192] [#]} (26... Qxf5 $16 27. Qxf5 gxf5 28. Rxd4 Na4) 27. Qxe3 {Precision: White = 90%, Black = 48%.} ({Inferior is} 27. fxe3 Bxe3+ 28. Kg2 Qxf5 $11) 1-0

[Event "3rd GRENKE Chess Open 2018"]
[Site "Karlsruhe"]
[Date "2018.03.29"]
[Round "1"]
[White "Klings, Peter"]
[Black "Korobov, Anton"]
[Result "0-1"]
[WhiteElo "2146"]
[BlackElo "2664"]
[Annotator "TA"]
[PlyCount "56"]
[EventDate "2018.??.??"]
[EventType "swiss"]
[EventCountry "GER"]
[SourceTitle "playchess.com"]
[Source "ChessBase"]
[SourceQuality "1"]

{[%evp 18,56,0,-4,3,-13,0,0,-2,-8,-11,-8,-16,-58,-62,-139,-137,-118,-104,-254,-279,-443,-441,-447,-447,-447,-418,-441,-417,-2262,-2095,-2297,-2228,-2575,-2495,-29962,-29963,-29962,-29954,-5027,-4636]} 1. Nf3 Nf6 2. c4 e6 3. e3 b6 4. b3 Bb7 5. Bb2 d5 6. Nc3 {A13: English Opening: 1...e6} Nbd7 7. Be2 (7. g3 Bd6 8. Bg2 O-O 9. O-O Re8 10. Rc1 a6 11. Qe2 dxc4 12. bxc4 b5 13. cxb5 axb5 14. Nxb5 Rxa2 {½-½ (21) Wei,Y (2743)-Giri,A (2752) Wijk aan Zee 2018}) 7... a6 8. O-O Bd6 9. d4 O-O 10. Qc2 {LiveBook: 3 Games} Qe7 11. Rfe1 $146 ({Predecessor:} 11. a3 dxc4 12. bxc4 c5 13. d5 exd5 14. Nxd5 Nxd5 15. cxd5 {0-1 (46) Alekseev,E (2636)-Khismatullin,D (2617) Sochi 2016}) 11... Rad8 12. Rac1 Rfe8 13. a4 c5 14. cxd5 exd5 15. dxc5 bxc5 {White must now prevent ...d4!} 16. Bd3 (16. g3 $15) 16... Ne5 $17 17. Nxe5 Qxe5 18. g3 (18. f4 $17 Qh5 19. Be2) 18... d4 $19 19. exd4 (19. Nb1 $142 Qd5 {[#]} 20. e4 $1 {[%mdl 512]} Nxe4 21. Bxe4 Rxe4 22. Qxe4 Qxe4 23. Rxe4 Bxe4 24. Nd2) 19... Qxe1+ 20. Rxe1 Rxe1+ 21. Bf1 cxd4 22. Ne2 Ng4 23. Qf5 {[#]} (23. Nxd4 $142 Nxh2 24. Kxh2 Rxf1 25. f3 Bxf3 26. Nxf3 Rxf3 27. Bd4) 23... Nxh2 $1 {[%mdl 512]} 24. Kxh2 Rxf1 {[%csl Gb7][%cal Rf1h1]} 25. Ng1 {[#]} Bxg3+ $1 {[%mdl 512]} 26. Kxg3 (26. fxg3 Rxf5) 26... Rxg1+ 27. Kh2 Rg2+ 28. Kh3 Bc8 {Precision: White = 17%, Black = 73%.} 0-1

[Event "3rd GRENKE Chess Open 2018"]
[Site "Karlsruhe"]
[Date "2018.03.29"]
[Round "1"]
[White "Schweitzer, Victoria"]
[Black "Fridman, Daniel"]
[Result "0-1"]
[WhiteElo "2144"]
[BlackElo "2637"]
[Annotator "TA"]
[PlyCount "80"]
[EventDate "2018.??.??"]
[EventType "swiss"]
[EventCountry "GER"]
[SourceTitle "playchess.com"]
[Source "ChessBase"]
[SourceQuality "1"]

{[%evp 17,80,-27,-11,-25,-11,-4,-6,-33,-22,-38,-47,-67,-53,-54,-54,-66,-59,-61,-71,-74,-76,-190,-186,-300,-308,-299,-295,-276,-215,-310,-191,-188,-200,-237,-178,-210,-199,-202,-191,-194,-167,-213,-193,-265,-254,-380,-386,-422,-411,-411,-396,-391,-374,-509,-479,-486,-459,-611,-662,-1243,-1073,-1167,-1048,-5159,-5407]} 1. e4 c6 2. d4 d5 3. exd5 cxd5 4. Bd3 Nc6 5. c3 Qc7 6. Ne2 Bg4 7. f3 Bd7 8. Bf4 e5 {B13: Caro-Kann: Exchange Variation and Panov-Botvinnik Attack} 9. dxe5 Nxe5 {LiveBook: 40 Games} 10. Qc2 Bd6 {Black has an edge.} 11. Bxe5 Bxe5 12. Nd2 $146 ({Predecessor:} 12. g3 Nf6 13. Nd2 Rc8 14. f4 Bd6 15. h3 O-O 16. O-O-O {0-1 (35) Buehler,R (2242)-Svetushkin,D (2530) Cappelle-la-Grande 2005}) 12... Bxh2 13. O-O-O Ne7 14. Nd4 O-O-O 15. Bb5 Be5 16. Bxd7+ Rxd7 17. Qa4 a6 18. N2b3 h5 {[%cal Bh7h5,Bh5h4][%mdl 32]} 19. g4 (19. Kb1 $17) 19... h4 $19 20. Nf5 (20. Kb1 {is a better defense.}) 20... Nxf5 21. gxf5 Qc4 22. Qa5 Rh6 23. Nd2 (23. Qc5+ $142 Qxc5 24. Nxc5) 23... Qb5 24. Qxb5 axb5 25. Rde1 f6 26. Nb3 Rc7 27. Kd2 Rc4 28. Reg1 Rh7 29. Rg4 h3 30. Ke3 (30. a3 $142) 30... h2 31. Rg2 (31. Rxc4+ {might work better.} dxc4 32. Nd4) 31... b4 32. Na5 Rch4 33. cxb4 Rxb4 34. Nb3 Kb8 35. Rc2 Rh3 {Black is clearly winning.} 36. Rg2 Ra4 37. Rxg7 Bf4+ 38. Kd3 Rxf3+ 39. Kc2 Rf2+ 40. Kb1 Be5 {Precision: White = 35%, Black = 83%.} 0-1

[Event "3rd GRENKE Chess Open 2018"]
[Site "Karlsruhe"]
[Date "2018.03.29"]
[Round "1"]
[White "Korba, Roman"]
[Black "Landa, Konstantin"]
[Result "0-1"]
[WhiteElo "2142"]
[BlackElo "2613"]
[Annotator "TA"]
[PlyCount "50"]
[EventDate "2018.??.??"]
[EventType "swiss"]
[EventCountry "GER"]
[SourceTitle "playchess.com"]
[Source "ChessBase"]
[SourceQuality "1"]

{[%evp 15,50,-3,0,-11,9,-12,0,-10,24,24,24,0,16,25,40,-6,-6,-11,12,-12,-7,-22,0,-161,-175,-392,-380,-437,-432,-433,-417,-485,-481,-1087,-1075,-1165,-1159]} 1. d4 d5 2. Bf4 c5 3. e3 Nf6 4. c3 Qb6 5. Qb3 c4 6. Qc2 {D00: 1 d4 d5: Unusual lines} g6 7. Nd2 Bf5 8. Qc1 Nc6 {LiveBook: 11 Games} 9. Ngf3 Bg7 10. Be2 O-O 11. h3 Qd8 (11... Rac8 12. O-O Rfe8 {1-0 (52) Wang,Y (2699)-Ghaem Maghami,E (2560) Ashkhabad 2017}) 12. b3 b5 13. a4 $146 a6 14. O-O Qb6 15. Ne5 Nxe5 16. Bxe5 Ne4 17. Bxg7 Kxg7 18. g4 Be6 19. f4 $2 {[#]} (19. Nxe4 $11 {and White stays safe.} dxe4 20. axb5 axb5 21. Qb2 cxb3 22. d5 $1 {[%mdl 512]}) 19... cxb3 $1 $19 20. f5 $2 (20. Nxb3 Rac8 21. axb5 Rxc3 22. Qb2 axb5 23. Nc5 Rxe3 24. Rf3 Rxf3 25. Bxf3) 20... Ng3 21. Bd3 bxa4 22. Rxa4 Nxf1 23. Qxf1 Qc7 {Black is clearly winning.} 24. fxe6 (24. Nxb3 $142 Bd7 25. Ra2) 24... Qg3+ 25. Kh1 fxe6 {Precision: White = 20%, Black = 45%.} 0-1

[Event "3rd GRENKE Chess Open 2018"]
[Site "Karlsruhe"]
[Date "2018.03.29"]
[Round "1"]
[White "Koellner, Ruben Gideon"]
[Black "Bindrich, Falko"]
[Result "0-1"]
[WhiteElo "2141"]
[BlackElo "2602"]
[Annotator "TA"]
[PlyCount "72"]
[EventDate "2018.??.??"]
[EventType "swiss"]
[EventCountry "GER"]
[SourceTitle "playchess.com"]
[Source "ChessBase"]
[SourceQuality "1"]

{[%evp 14,72,19,0,15,0,0,0,8,0,11,10,10,0,0,0,-5,-6,0,0,0,8,0,-7,0,0,0,0,0,-6,29,-25,-12,-27,-13,-21,0,-59,-70,-70,-66,-151,-104,-107,-96,-99,-98,-83,-79,-175,-177,-272,-212,-312,-300,-369,-354,-356,-356,-400,-393]} 1. d4 Nf6 2. Nf3 e6 3. Nbd2 c5 4. e3 d5 5. c3 Nbd7 6. Bd3 Be7 7. O-O Qc7 {D05: Colle System with ...e6} 8. Re1 {LiveBook: 3 Games} O-O 9. Qe2 b6 {The position is equal.} 10. e4 (10. h3 Bb7 11. Bc2 Rad8 12. e4 dxe4 13. Nxe4 Nxe4 14. Bxe4 Bxe4 {½-½ (14) Drazic,S (2540)-Pavasovic,D (2574) Nova Gorica 2010}) 10... dxe4 11. Nxe4 Bb7 12. dxc5 Nxc5 13. Nxc5 Qxc5 $146 ({Predecessor:} 13... Bxc5 14. h3 h6 15. Be3 {1-0 (36) Indricean,M-O'Toole,G Budva 2003}) 14. Be3 Qh5 15. Nd4 Qd5 {[%csl Gb7][%cal Rd5g2]} 16. f3 Rad8 17. Rad1 Qh5 18. Bf2 Bd6 19. Bg3 Bxg3 20. hxg3 Qc5 21. Qf2 g6 22. Nb3 (22. g4 $142) 22... Qc7 $11 23. Bc2 Bd5 24. g4 h5 25. Qh4 ({Better is} 25. g5 $11 Nd7 26. f4) 25... Bxb3 $1 $15 26. Bxb3 Qc5+ 27. Kh1 (27. Kf1 $15 Rxd1 28. Rxd1) 27... Rxd1 28. Bxd1 Kg7 $36 {[%mdl 2048] Strongly threatening ...hxg4. Black has strong initiative.} 29. g5 {[#]} Nh7 $1 30. f4 {[#]} Rd8 $1 31. Bf3 (31. Qg3 $17 {was the only chance.}) 31... Rd2 $19 32. Rb1 (32. Re2 $142 Rxe2 33. Bxe2) 32... Qc4 33. a3 {[#]} (33. Qg3 $142) 33... e5 $1 {[%cal Be6e5,Be5f4][%mdl 544]} 34. Re1 (34. fxe5 Qxh4+) 34... Qxf4 {Black is winning.} 35. Qxf4 exf4 36. b3 Nxg5 {Precision: White = 26%, Black = 75%.} 0-1

[Event "3rd GRENKE Chess Open 2018"]
[Site "Karlsruhe"]
[Date "2018.03.29"]
[Round "1"]
[White "Pfatteicher, Lukas"]
[Black "Bernadskiy, Vitaliy"]
[Result "0-1"]
[WhiteElo "2140"]
[BlackElo "2588"]
[Annotator "TA"]
[PlyCount "72"]
[EventDate "2018.??.??"]
[EventType "swiss"]
[EventCountry "GER"]
[SourceTitle "playchess.com"]
[Source "ChessBase"]
[SourceQuality "1"]

{[%evp 21,72,17,22,-51,18,29,18,25,55,53,58,10,10,9,16,0,0,0,-12,-40,-8,-12,0,0,0,-43,-47,-69,-75,-60,-64,-100,-107,-127,-104,-271,-266,-417,-426,-487,-468,-443,-459,-450,-458,-29995,-29994,-29996,-29995,-29995,-29995,-29996,-29996]} 1. d4 Nf6 2. c4 d6 3. Nf3 Nbd7 4. Nc3 e5 5. e4 g6 6. Be2 Bg7 7. O-O O-O 8. Re1 c6 9. h3 exd4 10. Nxd4 Re8 11. Bf1 Nc5 {[%cal Rf6e4] LiveBook: 10 Games} 12. f3 {E95: King's Indian: Classical: 7...Nbd7 8 Re1} (12. Qc2 $11) 12... Nh5 ({Black should play} 12... Qb6 $1 $15) 13. Be3 $11 Be5 14. Qd2 {The position is equal.} Qh4 {[#] ...Qg3 is the strong threat.} (14... Ng3 15. Nde2 Nxe2+ 16. Rxe2 a5 17. Rd1 Be6 18. Ree1 a4 19. Bd4 Qf6 20. Bxe5 dxe5 {0-1 (36) Kastelic,M (2254)-Damljanovic,B (2543) Slovenia 2017}) 15. Nce2 $1 Ng3 16. Bf4 $146 (16. Bg5 $5 {[%cal Rg5h4]} Qh5 17. Nxg3 Bxg3 18. Be2 Bxh3 19. gxh3 $14) ({Predecessor:} 16. Bg5 Qh5 17. Nxg3 Bxg3 18. Red1 Rxe4 19. Ne2 Be5 {1-0 (30) Sharief,N-Popovych,O (2265) Philadelphia 1993}) 16... Nxe2+ 17. Nxe2 {next Bg5 is good for White.} Qf6 18. Bg5 Qh8 19. Rab1 f5 20. Nc3 fxe4 21. Nxe4 Nxe4 22. fxe4 Be6 23. Qc2 Rf8 24. b3 Bg3 25. Re2 Qe5 $36 {[%mdl 2048] Black fights for an advantage.} 26. Bd2 Qh5 {Hoping for ...Rxf1+!} 27. Be3 Rf7 {White must now prevent ...Raf8.} 28. Rd2 $2 (28. Qd2 $17) 28... Raf8 $19 29. Qd3 (29. Rd3 $142) 29... Qh4 30. Bd4 Be1 31. Be2 Bxd2 32. Qxd2 {[#]} Bxh3 $1 33. gxh3 (33. Bf1 $19 c5 34. Be3) 33... Qg3+ {Black mates.} 34. Kh1 Qxh3+ 35. Kg1 Qg3+ 36. Kh1 Rf4 {Precision: White = 28%, Black = 63%.} 0-1